[Event "Oslo Chess International - Håvard Vederh"]
[Site "Ullevaal Stadion"]
[Date "2013.09.29"]
[Round "9"]
[White "Istratescu, Andrei"]
[Black "Andersen, Mads"]
[Result "1-0"]
[WhiteElo "2646"]
[BlackElo "2479"]
[PlyCount "77"]
[EventDate "2013.??.??"]

1. e4 e5 2. Nf3 Nc6 3. Bb5 Nf6 4. d3 Bc5 5. c3 O-O 6. O-O d6 7. Bg5 h6 8. Bh4
g5 9. Bg3 Bg4 10. Re1 Qe7 11. Nbd2 a6 12. Bxc6 bxc6 13. h3 Bh5 14. d4 Bb6 15.
dxe5 dxe5 16. Bxe5 Rad8 17. Bd4 g4 18. hxg4 Nxg4 19. Qc2 c5 20. Be3 Nxe3 21.
Rxe3 c4 22. Nd4 Bxd4 23. cxd4 Rxd4 24. Nxc4 Rfd8 25. Rae1 Bg6 26. b3 Qc5 27.
Qc1 Qg5 28. Qa3 Rxe4 29. Qxa6 Rg4 30. g3 Qc5 31. Qf6 Qd4 32. Ne5 Rg5 33. Qc6
Qa7 34. Qc3 Qa8 35. Nd7 f5 36. Nf6+ Kf8 37. Qxc7 Bf7 38. Re7 Rg7 39. Qc5 1-0

[Event "Oslo Chess International - Håvard Vederh"]
[Site "Ullevaal Stadion"]
[Date "2013.09.29"]
[Round "9"]
[White "Adhiban, Baskaran"]
[Black "Rozentalis, Eduardas"]
[Result "1/2-1/2"]
[WhiteElo "2567"]
[BlackElo "2614"]
[PlyCount "148"]
[EventDate "2013.??.??"]

1. Nf3 e6 2. c4 b6 3. d4 Bb7 4. Nc3 Bb4 5. Bg5 Ne7 6. e3 Bxc3+ 7. bxc3 d6 8. a4
Nbc6 9. d5 Na5 10. Nd4 Qd7 11. Qh5 O-O 12. Bd3 Ng6 13. f4 exd5 14. cxd5 Bxd5
15. Bf6 gxf6 16. Qxd5 c5 17. Bb5 Qe7 18. Nf5 Qe6 19. Qxe6 fxe6 20. Nxd6 Rfd8
21. O-O-O Kf8 22. g3 Ke7 23. Nc4 Nxc4 24. Bxc4 Nh8 25. Bd3 h6 26. g4 Nf7 27. h4
Rg8 28. Be2 Rad8 29. Bf3 Rxd1+ 30. Kxd1 Nd6 31. Ke1 Nc4 32. Kf2 Rd8 33. g5 fxg5
34. hxg5 hxg5 35. fxg5 Kf7 36. Be4 Rd2+ 37. Kg3 Re2 38. Rh7+ Kf8 39. Rh8+ Kg7
40. Rh7+ Kf8 41. Bg6 Rxe3+ 42. Kf4 Re1 43. Rf7+ Kg8 44. Rxa7 Rf1+ 45. Ke4 Re1+
46. Kf4 Rf1+ 47. Ke4 Re1+ 48. Kf3 Ne5+ 49. Kf2 Rc1 50. Bh7+ Kh8 51. Kg3 Rxc3+
52. Kf4 Rh3 53. Kxe5 Rxh7 54. Ra6 Kg8 55. Rxb6 Ra7 56. Kf6 Rf7+ 57. Kxe6 Ra7
58. Kf6 Rf7+ 59. Ke5 Ra7 60. Rg6+ Kf7 61. Rf6+ Ke7 62. Rf4 c4 63. Rxc4 Ra5+ 64.
Kf4 Kf7 65. Kg4 Kg6 66. Kh4 Ra8 67. Rg4 Ra7 68. Kg3 Rf7 69. Kg2 Rf8 70. Rg3 Ra8
71. Rg4 Rf8 72. Kg3 Rf7 73. Kh4 Rh7+ 74. Kg3 Rf7 1/2-1/2

[Event "Oslo Chess International - Håvard Vederh"]
[Site "Ullevaal Stadion"]
[Date "2013.09.29"]
[Round "9"]
[White "Johannessen, Leif E"]
[Black "Agdestein, Simen"]
[Result "0-1"]
[WhiteElo "2519"]
[BlackElo "2595"]
[PlyCount "110"]
[EventDate "2013.??.??"]

1. d4 Nf6 2. c4 e6 3. Nc3 d5 4. Nf3 Nbd7 5. Bg5 Bb4 6. cxd5 exd5 7. e3 c5 8.
dxc5 Qa5 9. Rc1 Bxc3+ 10. bxc3 O-O 11. Nd4 Ne4 12. Bf4 Qxa2 13. Be2 Qa5 14. c6
bxc6 15. f3 Nef6 16. Nxc6 Qc5 17. Nd4 Nb6 18. g4 Re8 19. Kf2 Nc4 20. h4 a5 21.
h5 a4 22. g5 Nd7 23. Rb1 Nde5 24. Rb5 Qe7 25. Rb4 a3 26. Qc2 Bd7 27. Ra1 Ra7
28. Qb3 Nxe3 29. Rb7 Rxb7 30. Qxb7 N5c4 31. Bxc4 Nxc4 32. Qxd5 Nb2 33. g6 Nd3+
34. Kg3 Nxf4 35. Qxf7+ Qxf7 36. gxf7+ Kxf7 37. Kxf4 Ra8 38. c4 Ra4 39. Ke5 a2
40. Kd5 Ke7 41. c5 Be8 42. Nf5+ Kf6 43. Nd6 Bxh5 44. c6 Bxf3+ 45. Kc5 Bxc6 46.
Kxc6 g5 47. Kb5 Ra8 48. Nc4 g4 49. Nb6 Ra3 50. Kb4 Ra7 51. Na4 g3 52. Rxa2 h5
53. Rc2 Kf5 54. Nc5 Rg7 55. Nb3 h4 0-1

[Event "Oslo Chess International - Håvard Vederh"]
[Site "Ullevaal Stadion"]
[Date "2013.09.29"]
[Round "9"]
[White "Solodovnichenko, Yuri"]
[Black "Lampert, Jonas"]
[Result "1-0"]
[WhiteElo "2577"]
[BlackElo "2376"]
[PlyCount "73"]
[EventDate "2013.??.??"]

1. e4 e5 2. Nf3 Nc6 3. Bb5 a6 4. Ba4 Nge7 5. c3 g6 6. d4 exd4 7. cxd4 Bg7 8.
O-O b5 9. Bc2 O-O 10. Nc3 d6 11. h3 Na5 12. Bf4 Nc4 13. Rb1 c5 14. Bb3 cxd4 15.
Nxd4 Qb6 16. Nde2 Be6 17. Re1 Rfe8 18. Bxc4 Bxc4 19. Be3 Qb7 20. Bd4 Bxe2 21.
Rxe2 Bxd4 22. Qxd4 b4 23. Nd1 Nf5 24. Qd3 Qb5 25. Qd2 d5 26. a4 bxa3 27. Nc3
Qa5 28. b4 Qc7 29. exf5 Rxe2 30. Nxe2 Rc8 31. f6 Qe5 32. Qa2 Qe4 33. Rd1 Rc2
34. Rxd5 h5 35. Rd8+ Kh7 36. Qxf7+ Kh6 37. h4 1-0

[Event "Oslo Chess International - Håvard Vederh"]
[Site "Ullevaal Stadion"]
[Date "2013.09.29"]
[Round "9"]
[White "Bok, Benjamin"]
[Black "Lie, Espen"]
[Result "1-0"]
[WhiteElo "2520"]
[BlackElo "2455"]
[PlyCount "103"]
[EventDate "2013.??.??"]

1. e4 c5 2. Nf3 g6 3. c3 Bg7 4. d4 cxd4 5. cxd4 d5 6. e5 Nc6 7. Bb5 Bg4 8.
Bxc6+ bxc6 9. Nbd2 Nh6 10. O-O O-O 11. h3 Bxf3 12. Nxf3 f6 13. e6 Nf5 14. Bf4
Qb6 15. Qd2 Rfd8 16. Rac1 Nd6 17. Bxd6 Rxd6 18. Rfe1 a5 19. Rc5 a4 20. g3 Rb8
21. Re2 Qd8 22. Kg2 Qc8 23. Qe3 Rb5 24. Rcc2 Qf8 25. h4 Bh6 26. Qd3 Rb8 27. h5
Kg7 28. hxg6 hxg6 29. Re1 Qg8 30. Rce2 Rc8 31. Nh4 f5 32. Nf3 Rf8 33. Qc2 Ra8
34. Ne5 Rxe6 35. Nxc6 Rxe2 36. Qxe2 Bg5 37. Nxe7 Qf7 38. Nc6 Bf6 39. Ne5 Qb7
40. Rc1 Re8 41. Rc5 Re7 42. Kg1 Bxe5 43. dxe5 d4 44. e6 Qe4 45. Qxe4 fxe4 46.
Re5 d3 47. Rxe4 d2 48. Rd4 Rxe6 49. Rxd2 Ra6 50. Rd3 Rb6 51. b3 axb3 52. axb3
1-0

[Event "Oslo Chess International - Håvard Vederh"]
[Site "Ullevaal Stadion"]
[Date "2013.09.29"]
[Round "9"]
[White "Narciso Dublan, Marc"]
[Black "Svane, Rasmus"]
[Result "1/2-1/2"]
[WhiteElo "2509"]
[BlackElo "2445"]
[PlyCount "54"]
[EventDate "2013.??.??"]

1. e4 e6 2. f4 d5 3. e5 c5 4. Nf3 Nc6 5. c3 Bd7 6. Na3 Be7 7. Nc2 Nh6 8. d4 Qb6
9. Bd3 cxd4 10. Ncxd4 Bc5 11. Nb3 Bf2+ 12. Kf1 Be3 13. Qe2 Ng4 14. Nfd4 Nxd4
15. Nxd4 Bxd4 16. Qxg4 Be3 17. Bxe3 Qxe3 18. Rd1 a6 19. h4 h5 20. Qf3 Qxf3+ 21.
gxf3 Ke7 22. Rg1 g6 23. Ke2 Rhc8 24. Ke3 Bb5 25. Bc2 Rc4 26. Bb3 Rc5 27. Rd4
Rac8 1/2-1/2

[Event "Oslo Chess International - Håvard Vederh"]
[Site "Ullevaal Stadion"]
[Date "2013.09.29"]
[Round "9"]
[White "Elsness, Frode"]
[Black "Kvisvik, Brede Alex"]
[Result "1-0"]
[WhiteElo "2505"]
[BlackElo "2270"]
[PlyCount "79"]
[EventDate "2013.??.??"]

1. d4 d5 2. c4 dxc4 3. e3 e5 4. Bxc4 exd4 5. exd4 Nf6 6. Qb3 Qe7+ 7. Ne2 Qb4+
8. Nbc3 Qxb3 9. Bxb3 c6 10. Bg5 Be7 11. O-O-O O-O 12. Rhe1 Na6 13. Ng3 Bd8 14.
Bf4 Nc7 15. Nce4 Nxe4 16. Nxe4 Be6 17. Bxe6 Nxe6 18. Be5 Bc7 19. Nc5 Ba5 20.
Re3 Nxc5 21. dxc5 Rfe8 22. Rd7 b6 23. Bd4 Rxe3 24. Bxe3 bxc5 25. Bxc5 a6 26.
Kc2 h5 27. a4 g6 28. h3 Kg7 29. b4 Bd8 30. a5 Bf6 31. Rc7 Re8 32. Rxc6 Ra8 33.
Kb3 g5 34. Rc7 Re8 35. Rc6 Ra8 36. Be3 g4 37. hxg4 hxg4 38. Rc4 g3 39. Rg4+ Kh7
40. Rxg3 1-0

[Event "Oslo Chess International - Håvard Vederh"]
[Site "Ullevaal Stadion"]
[Date "2013.09.29"]
[Round "9"]
[White "Bentsen, Øyvind"]
[Black "Lillevold, Frode"]
[Result "0-1"]
[WhiteElo "2121"]
[BlackElo "2161"]
[PlyCount "38"]
[EventDate "2013.??.??"]

1. e4 e5 2. Nf3 Nc6 3. Bc4 Nf6 4. Ng5 d5 5. exd5 Na5 6. Bb5+ c6 7. dxc6 bxc6 8.
Qf3 Bb7 9. Ba4 Be7 10. O-O O-O 11. d3 c5 12. Qe2 Qc7 13. Nc3 Nc6 14. Nf3 Nd4
15. Nxd4 exd4 16. Re1 Bd6 17. Nb5 Bxh2+ 18. Kh1 Qc6 19. f4 Rae8 0-1

[Event "Oslo Chess International - Håvard Vederh"]
[Site "Ullevaal Stadion"]
[Date "2013.09.29"]
[Round "9"]
[White "Donchenko, Alexander"]
[Black "Schmitz, Thorsten"]
[Result "1-0"]
[WhiteElo "2467"]
[BlackElo "2322"]
[PlyCount "55"]
[EventDate "2013.??.??"]

1. d4 Nf6 2. c4 g6 3. g3 Bg7 4. Bg2 O-O 5. Nc3 d6 6. Nf3 c6 7. O-O Qa5 8. e4 e5
9. Re1 Nbd7 10. Rb1 exd4 11. Nxd4 Ne5 12. Bf1 Re8 13. h3 Be6 14. b4 Qb6 15. Be3
Nxc4 16. Bxc4 Bxc4 17. Ne6 Qa6 18. Nxg7 Kxg7 19. Qxd6 Rad8 20. Bh6+ Kxh6 21.
Qxf6 Bd3 22. g4 Qc4 23. g5+ Kh5 24. Qf4 Qe6 25. Rbd1 Bc4 26. e5 Rxd1 27. Rxd1
Qxh3 28. Ne4 1-0

[Event "Oslo Chess International - Håvard Vederh"]
[Site "Ullevaal Stadion"]
[Date "2013.09.29"]
[Round "9"]
[White "Vaarala, Eric"]
[Black "Devereaux, Maxim L"]
[Result "0-1"]
[WhiteElo "2289"]
[BlackElo "2369"]
[PlyCount "144"]
[EventDate "2013.??.??"]

1. d4 Nf6 2. c4 c5 3. Nf3 cxd4 4. Nxd4 e5 5. Nb5 d5 6. cxd5 Bc5 7. e3 O-O 8.
N5c3 e4 9. Nd2 Bf5 10. Nb3 Bb4 11. Nd4 Qxd5 12. Bd2 Bxc3 13. Bxc3 Nc6 14. Qb3
Nxd4 15. Bxd4 Be6 16. Qxd5 Nxd5 17. a3 Rfc8 18. Be2 Ne7 19. O-O Bc4 20. Bxc4
Rxc4 21. Rac1 Rxc1 22. Rxc1 Nc6 23. Bc3 Rd8 24. Kf1 f5 25. Ke2 Kf7 26. b4 a6
27. a4 Rd5 28. Rb1 g6 29. f3 exf3+ 30. gxf3 Ke6 31. f4 Kd7 32. h4 Ne7 33. h5 b5
34. hxg6 hxg6 35. a5 Rd6 36. Rh1 Nd5 37. Rh7+ Kc8 38. Be5 Rc6 39. Rh8+ Kd7 40.
Rh7+ Ke6 41. Rg7 Nxb4 42. e4 fxe4 43. Rxg6+ Kd5 44. Rg8 Rc2+ 45. Ke3 Nc6 46.
Ra8 Ra2 47. Rxa6 Ra3+ 48. Ke2 Ra2+ 49. Ke3 Rxa5 50. Rb6 Nxe5 51. fxe5 Kxe5 52.
Rb8 Ra3+ 53. Kd2 Rd3+ 54. Ke2 Rb3 55. Rd8 b4 56. Kd2 Rc3 57. Rb8 Rc4 58. Ke3
Kd5 59. Rd8+ Kc5 60. Rb8 Rc3+ 61. Kxe4 Kc4 62. Rc8+ Kb3 63. Rb8 Rc7 64. Kd4 Ka3
65. Kd3 b3 66. Ra8+ Kb2 67. Rb8 Ka2 68. Rb6 b2 69. Ra6+ Kb1 70. Rh6 Ra7 71. Rb6
Ka2 72. Kc2 b1=Q+ 0-1

[Event "Oslo Chess International - Håvard Vederh"]
[Site "Ullevaal Stadion"]
[Date "2013.09.29"]
[Round "9"]
[White "Haugli, Petter"]
[Black "Andersen, Alf Roger"]
[Result "0-1"]
[WhiteElo "2293"]
[BlackElo "2207"]
[PlyCount "66"]
[EventDate "2013.??.??"]

1. e4 c5 2. Nf3 d6 3. Bb5+ Bd7 4. Bxd7+ Qxd7 5. O-O Nc6 6. c3 Nf6 7. d4 cxd4 8.
cxd4 d5 9. e5 Ne4 10. Ne1 h6 11. Be3 g6 12. f3 Ng5 13. Nc3 Ne6 14. Qd2 Bg7 15.
Nc2 f5 16. exf6 exf6 17. g4 h5 18. Kg2 hxg4 19. fxg4 O-O-O 20. Bf4 Rh4 21. h3
Rdh8 22. Rh1 f5 23. Bg3 fxg4 24. Nb5 gxh3+ 25. Kh2 Rg4 26. Rhf1 Rxg3 27. Kxg3
h2 28. Kg2 Nexd4 29. Nxa7+ Nxa7 30. Kh1 Nf5 31. Rf3 Nc6 32. Nb4 d4 33. Nxc6
Qxc6 0-1

[Event "Oslo Chess International - Håvard Vederh"]
[Site "Ullevaal Stadion"]
[Date "2013.09.29"]
[Round "9"]
[White "Schoellmann, Jochen"]
[Black "Lundin, Jan"]
[Result "0-1"]
[WhiteElo "2268"]
[BlackElo "2285"]
[PlyCount "95"]
[EventDate "2013.??.??"]

1. d4 d5 2. c4 dxc4 3. Nf3 e6 4. e3 Nf6 5. Bxc4 a6 6. O-O c5 7. Qe2 Nc6 8. Rd1
Qc7 9. Nc3 Bd6 10. dxc5 Bxc5 11. a3 Ne5 12. Nxe5 Qxe5 13. Qd2 O-O 14. Be2 Bd7
15. b4 Bb6 16. Bb2 Bc6 17. Qd6 Qxd6 18. Rxd6 Rfd8 19. Rxd8+ Rxd8 20. Rd1 Rc8
21. b5 axb5 22. Nxb5 Kf8 23. Kf1 Ra8 24. Nd4 Bd5 25. f3 e5 26. Nb5 Bc6 27. Bxe5
Nd5 28. Bd4 Nxe3+ 29. Bxe3 Bxe3 30. Ra1 Bf4 31. g3 Be5 32. Ra2 Ra5 33. a4 Ra8
34. f4 Bf6 35. Bc4 Rd8 36. Ke2 Re8+ 37. Kd3 Re1 38. Re2 Rd1+ 39. Rd2 Ra1 40.
Ra2 Rd1+ 41. Rd2 Rc1 42. Ra2 h5 43. a5 Bd7 44. Nd6 Ke7 45. Ne4 Rxc4 46. a6 bxa6
47. Rxa6 Bb5 48. Ra5 0-1

[Event "Oslo Chess International - Håvard Vederh"]
[Site "Ullevaal Stadion"]
[Date "2013.09.29"]
[Round "9"]
[White "Røyset, Pål"]
[Black "Hauge, Lars Oskar"]
[Result "1-0"]
[WhiteElo "2179"]
[BlackElo "2282"]
[PlyCount "133"]
[EventDate "2013.??.??"]

1. e4 c5 2. c3 d5 3. exd5 Qxd5 4. d4 Nf6 5. Nf3 e6 6. Bd3 Nc6 7. O-O Be7 8. c4
Qd8 9. dxc5 Bxc5 10. a3 a5 11. Nc3 O-O 12. Bg5 Be7 13. h3 h6 14. Bf4 b6 15. Nb5
Bc5 16. Re1 Qe7 17. Qe2 Bb7 18. Rad1 Rfd8 19. Bg3 Rd7 20. Bh4 Rad8 21. Bc2 Rxd1
22. Rxd1 Rxd1+ 23. Qxd1 Qd7 24. Qe2 Nh7 25. Bg3 Nf8 26. Bf4 f6 27. Be3 Qe7 28.
Qd3 Nb8 29. Nd2 Nbd7 30. Ne4 Bxe4 31. Qxe4 f5 32. Bxc5 Nxc5 33. Qd4 Qg5 34. f4
Qg3 35. Qf2 Qxf2+ 36. Kxf2 Nfd7 37. Nc7 Kf7 38. b4 Nb7 39. Ke3 g5 40. Ba4 Ke7
41. Na8 gxf4+ 42. Kxf4 e5+ 43. Kf3 Nd6 44. Bxd7 axb4 45. axb4 Kxd7 46. Nxb6+
Kc6 47. c5 Nb5 48. Ke3 Nd4 49. Kd3 Kb5 50. Nd5 Ne6 51. Kc3 h5 52. Ne7 Nd4 53.
Kd3 Ne6 54. c6 Kxb4 55. Nd5+ Kc5 56. c7 e4+ 57. Ke3 Nxc7 58. Nxc7 Kd6 59. Nb5+
Ke5 60. g3 h4 61. gxh4 f4+ 62. Kf2 Kd5 63. h5 Ke5 64. h6 Kf6 65. h7 Kg7 66. Nc3
e3+ 67. Kf3 1-0

[Event "Oslo Chess International - Håvard Vederh"]
[Site "Ullevaal Stadion"]
[Date "2013.09.29"]
[Round "9"]
[White "Koskela, Niina"]
[Black "Persson, Mats"]
[Result "1/2-1/2"]
[WhiteElo "2220"]
[BlackElo "2238"]
[PlyCount "28"]
[EventDate "2013.??.??"]

1. e4 e5 2. Bc4 Nc6 3. Nf3 Bc5 4. c3 Nf6 5. d3 d6 6. Nbd2 O-O 7. O-O h6 8. Re1
Re8 9. Bb5 Bd7 10. Nf1 a6 11. Ba4 b5 12. Bc2 d5 13. exd5 Nxd5 14. d4 exd4
1/2-1/2

[Event "Oslo Chess International - Håvard Vederh"]
[Site "Ullevaal Stadion"]
[Date "2013.09.29"]
[Round "9"]
[White "Mikalsen, Erlend"]
[Black "Vea, Odin Blikra"]
[Result "1-0"]
[WhiteElo "2145"]
[BlackElo "2226"]
[PlyCount "103"]
[EventDate "2013.??.??"]

1. e4 c5 2. Nf3 d6 3. Nc3 Nf6 4. d4 cxd4 5. Nxd4 g6 6. Be3 Bg7 7. f3 O-O 8. Qd2
Nc6 9. Bc4 Bd7 10. O-O-O Rc8 11. Bb3 Nxd4 12. Bxd4 b5 13. Bxa7 Qa5 14. Bd4 b4
15. Nd5 Nxd5 16. Bxg7 Kxg7 17. exd5 Ba4 18. Qd4+ Kg8 19. Qe3 Rc5 20. Rhe1 Rfc8
21. Re2 Rc3 22. bxc3 Bxb3 23. cxb3 Rxc3+ 24. Qxc3 bxc3 25. Rc2 Qb4 26. Kb1 Qc5
27. a4 Qe3 28. Ka2 Kg7 29. b4 Kf6 30. Kb3 e6 31. Rxc3 Qe2 32. Rcd3 Qxg2 33.
R1d2 Qf1 34. a5 Ke7 35. a6 Qa1 36. dxe6 Qxa6 37. Rxd6 Qf1 38. exf7 Qxf3+ 39.
Kb2 Kxf7 40. b5 Qf1 41. R6d3 Qf6+ 42. Kb3 Qa1 43. Rd7+ Ke6 44. R2d6+ Ke5 45. b6
h5 46. b7 Qb1+ 47. Kc4 Qc2+ 48. Kb5 g5 49. Kb6 Qb3+ 50. Kc7 Qc3+ 51. Rc6 Qa5+
52. Kc8 1-0

[Event "Oslo Chess International - Håvard Vederh"]
[Site "Ullevaal Stadion"]
[Date "2013.09.29"]
[Round "9"]
[White "Mirzoeva, Elmira"]
[Black "Nagarajan, Raghavi"]
[Result "1-0"]
[WhiteElo "2215"]
[BlackElo "2174"]
[PlyCount "80"]
[EventDate "2013.??.??"]

1. d4 d5 2. c4 e6 3. Nf3 Nf6 4. Nc3 Be7 5. Bg5 h6 6. Bxf6 Bxf6 7. Qb3 c6 8. e3
Nd7 9. Be2 O-O 10. O-O g6 11. e4 dxe4 12. Nxe4 Bg7 13. c5 e5 14. dxe5 Nxe5 15.
Nxe5 Bxe5 16. Rad1 Qc7 17. Nd6 Be6 18. Qe3 Bxd6 19. Rxd6 Kh7 20. h4 Rad8 21.
Rfd1 Rxd6 22. cxd6 Qb6 23. Qe5 Qd8 24. h5 Bd5 25. Bd3 Re8 26. Qg3 Re6 27. hxg6+
fxg6 28. d7 Qxd7 29. f4 Be4 30. Bc2 Qe8 31. Bb3 Re7 32. Qc3 Qf8 33. Qc5 b6 34.
Qd6 Kg7 35. Re1 Qf6 36. Qd8 Qf8 37. Qd4+ Kh7 38. Rxe4 Rxe4 39. Qxe4 Qc5+ 40.
Kh2 Qh5+ 1-0

[Event "Oslo Chess International - Håvard Vederh"]
[Site "Ullevaal Stadion"]
[Date "2013.09.29"]
[Round "9"]
[White "Bjerke, Richard"]
[Black "Merkesvik, Sondre"]
[Result "1-0"]
[WhiteElo "2173"]
[BlackElo "2055"]
[PlyCount "71"]
[EventDate "2013.??.??"]

1. e4 c5 2. Nf3 d6 3. d4 cxd4 4. Nxd4 Nf6 5. Nc3 g6 6. Be3 Bg7 7. h3 O-O 8. Bc4
Nc6 9. Bb3 Na5 10. O-O Nxb3 11. axb3 a6 12. Qd3 Nd7 13. Rfd1 Ne5 14. Qd2 Nc6
15. Nf3 Be6 16. Bh6 b5 17. Bxg7 Kxg7 18. Nd5 f6 19. Qe3 Bf7 20. g4 h6 21. Kg2
e6 22. Nf4 e5 23. Nd5 Bxd5 24. Rxd5 Ne7 25. Rd2 Qc7 26. Rad1 Rfd8 27. h4 Rd7
28. g5 hxg5 29. hxg5 f5 30. Nxe5 Rdd8 31. Nf3 Kg8 32. Nd4 Qd7 33. Rh1 Kg7 34.
Qc3 Ng8 35. Ne6+ Kf7 36. exf5 1-0

[Event "Oslo Chess International - Håvard Vederh"]
[Site "Ullevaal Stadion"]
[Date "2013.09.29"]
[Round "9"]
[White "Grønnestad, Anita"]
[Black "Kvisla, Johannes"]
[Result "1/2-1/2"]
[WhiteElo "1995"]
[BlackElo "2157"]
[PlyCount "20"]
[EventDate "2013.??.??"]

1. e4 e5 2. Nf3 Nc6 3. Bc4 Bc5 4. d3 Nf6 5. c3 d6 6. Nbd2 a6 7. b4 Ba7 8. h3
O-O 9. O-O Qe7 10. a4 Nd8 1/2-1/2

[Event "Oslo Chess International - Håvard Vederh"]
[Site "Ullevaal Stadion"]
[Date "2013.09.29"]
[Round "9"]
[White "Martinsen, Stig K"]
[Black "Strand, Håkon"]
[Result "1/2-1/2"]
[WhiteElo "2134"]
[BlackElo "2151"]
[PlyCount "49"]
[EventDate "2013.??.??"]

1. d4 Nf6 2. Nf3 e6 3. e3 b6 4. c4 Bb7 5. Bd3 Bb4+ 6. Nbd2 O-O 7. O-O d5 8. Qc2
Nbd7 9. b3 Bd6 10. Bb2 h6 11. h3 c5 12. Rae1 Qc7 13. e4 cxd4 14. Nxd4 dxc4 15.
Nxc4 Bb4 16. Re2 Nc5 17. Nb5 Qd7 18. Ne5 Qe7 19. a3 Nxd3 20. Qxd3 Rfd8 21. Qf3
Bd6 22. Nxd6 Qxd6 23. Rc1 Rac8 24. Rxc8 Rxc8 25. Nc4 1/2-1/2